000 00499nam a2200181Ia 4500
003 GCL
008 140319s9999 xx 000 0 aFre d
020 _a9774244990
040 _aGCL /
_cGCL
082 0 4 _a928.927
_bS I
100 1 _aMOURID BARGHOUTI
245 1 0 _aI SAW RAMALLAH /
_cMOURID BARGHOUTI
260 _aالقاهرة :
_bTHE AMERICAN UNIVERSITY IN CAIRO PRESS ،
_c1998
300 _a24 CM ؛
_c184 P
650 0 4 _aBIOGRAPHY
650 0 4 _aBIOGRAPHY IN LITERATURE
942 _2ddc
_cBK
999 _c1470
_d1470